000 00312nam a22001337a 4500
008 180214b xxu||||| |||| 00| 0 eng d
020 _a9781111720568
041 _aeng
080 _211th
_a311
100 _a55
101 _aSTA
245 _aStatistics for business& economics
_cAnderson,D.R
942 _2udc
_cBK
999 _c42474
_d42474